ბათუმის შოთა რუსთაველის სახელმწიფო უნივერსიტეტის ბიბლიოთეკა

პალეონტოლოგია (ბიბ.ჩანაწერი № 34405)

000 -LEADER
fixed length control field 00662nam a2200217Ia 4500
001 - CONTROL NUMBER
control field 107
003 - CONTROL NUMBER IDENTIFIER
control field GE_BSU
008 - FIXED-LENGTH DATA ELEMENTS--GENERAL INFORMATION
fixed length control field 181216s||||||||xx |||||||||||||| ||und||
040 ## - CATALOGING SOURCE
Transcribing agency GE_BSU
080 ## - UNIVERSAL DECIMAL CLASSIFICATION NUMBER
Universal Decimal Classification number UDC56(075.8)
100 ## - MAIN ENTRY--PERSONAL NAME
Personal name ღონღაძე, გურამ
245 ## - TITLE STATEMENT
Title პალეონტოლოგია
245 ## - TITLE STATEMENT
Remainder of title ლექციების კურსი
260 ## - PUBLICATION, DISTRIBUTION, ETC.
Place of publication, distribution, etc. თბილისი
260 ## - PUBLICATION, DISTRIBUTION, ETC.
Name of publisher, distributor, etc. თბილისის უნივერსიტეტის გამომცემლობა
260 ## - PUBLICATION, DISTRIBUTION, ETC.
Date of publication, distribution, etc. 2008
300 ## - PHYSICAL DESCRIPTION
Extent 135
653 ## - INDEX TERM--UNCONTROLLED
Uncontrolled term პალეონტოლოგია
942 ## - ADDED ENTRY ELEMENTS (KOHA)
Koha item type წიგნი
ეგზემპლარები
Withdrawn status Lost status Damaged status Not for loan Date acquired Barcode Date last seen Price effective from Koha item type Public note
        2018-12-17 2171 2018-12-17 2018-12-17 წიგნი საცავი
        2018-12-17 2170 2018-12-17 2018-12-17 წიგნი საცავი
        2018-12-17 2179 2018-12-17 2018-12-17 წიგნი საცავი
        2018-12-17 2178 2018-12-17 2018-12-17 წიგნი საცავი
        2018-12-17 2177 2018-12-17 2018-12-17 წიგნი საცავი
        2018-12-17 2172 2018-12-17 2018-12-17 წიგნი საცავი
        2018-12-17 2173 2018-12-17 2018-12-17 წიგნი საცავი
        2018-12-17 2174 2018-12-17 2018-12-17 წიგნი საცავი
        2018-12-17 2175 2018-12-17 2018-12-17 წიგნი საცავი